| 000 | 00730cam a22002533a 4500 | ||
|---|---|---|---|
| 001 | 25896 | ||
| 003 | PGUSA | ||
| 005 | 20140828083546.0 | ||
| 008 | 080625s2008||||xxu|||||s|||||000 1 eng d | ||
| 040 |
_aPGUSA _beng |
||
| 042 | _adc | ||
| 050 | 4 | _aPZ | |
| 100 | 1 |
_aPage, Thomas Nelson, _d1853-1922 |
|
| 245 | 1 | 0 |
_aTommy Trot's Visit to Santa Claus _h[electronic resource] / _cThomas Nelson Page |
| 260 |
_bProject Gutenberg, _c2008 |
||
| 506 | _aPublic domain in the USA. | ||
| 516 | _aElectronic text | ||
| 653 | _aSanta Claus -- Juvenile fiction | ||
| 653 | _aChristmas stories | ||
| 700 | 1 | _aAnderson, Victor C. | |
| 830 | 0 |
_aProject Gutenberg _v25896 |
|
| 856 | 4 | 0 | _uhttp://www.gutenberg.org/ebooks/25896 |
| 942 | _cEB | ||
| 999 |
_c255151 _d255151 |
||